| 000 | 00471nam a22001457a 4500 | ||
|---|---|---|---|
| 082 | _aT-227 | ||
| 100 |
_aShaheed Ullah _951289 |
||
| 245 | _aThe combine usage of bloated slate, stone dust and plastic waste for the production of structural and non-structural lightweight concrete | ||
| 260 |
_aRisalpur, _bMCE, _c2017.. |
||
| 300 | _a81p. | ||
| 526 |
_a0 _b0 _c0 _dT_227 |
||
| 650 |
_a Structural Engg _951290 |
||
| 700 |
_aDr Maqbool Sadiq Awan _951291 |
||
| 942 |
_2ddc _cBK |
||
| 999 |
_c554017 _d554017 |
||